Normal view
MARC view
- AIRCRAFT SAFETY.AIRCRAFTACCIDENTS.AIRCRAFT ACCIDENT INVESTIGATIONS
Entry Topical Term
001 - CONTROL NUMBER
- control field: 69136
003 - CONTROL NUMBER IDENTIFIER
- control field: NUST
005 - DATE AND TIME OF LATEST TRANSACTION
- control field: 20210628204158.0
008 - FIXED-LENGTH DATA ELEMENTS
- fixed length control field: 210628|| aca||aabn | a|a d
040 ## - CATALOGING SOURCE
- Original cataloging agency: NUST
- Transcribing agency: NUST
150 ## - HEADING--TOPICAL TERM
- Topical term or geographic name entry element: AIRCRAFT SAFETY.AIRCRAFTACCIDENTS.AIRCRAFT ACCIDENT INVESTIGATIONS
670 ## - SOURCE DATA FOUND
- Source citation: Work cat.: (NUST): Krause, Shari Stamford 69135, Aircraft safety, accident investigations, analyses and applicaitons, 2003
